000 00951nam a2200289Ia 4500
001 Para_876
003 CHAP
008 220125s1994 xx 000 0 und d
010 _a204497
040 _cCHAP
090 _aPA TESIS 847
100 _aMora Aguirre, Enrique
_978122
245 _aFluctuación poblacional de Anastrepha spp (Diptera :
_b Tephritidae) en frutales de Compostela, Nayarit y su identificación /
_c por Enrique Mora Aguirre
260 _aChapingo, Méx. :
_b El autor
300 _a136 h.
502 _aTesis (Ing. Agr. Esp. en Parasitología Agrícola) -- UACh. Depto. Parasitología
650 _aAnastrepha
_95486
650 _aFruta
_x Plagas
_943646
710 _aUACh. Departamento Parasitología Agrícola
_9164025
901 _aPA TESIS 847
902 _aA
905 _a0000001994 0000000000 00
910 _a1994
942 _cPARA
942 _cPARA
_d1
999 _c204497
_d204497